ბათუმის შოთა რუსთაველის სახელმწიფო უნივერსიტეტის ბიბლიოთეკა

მოამბე,VIII აკად. ნ. მარის სახელობის ენის, ისტორიისა და მატერიალური კულტურის ინსტიტუტის მოამბე Известия института языка, истории и материальной культуры им. акад. Н.Я. Марра,=Bulletin De L'Institut Marr De Langues, D'Histoire et De Culture Materielle (ბიბ.ჩანაწერი № 52397)

000 -LEADER
fixed length control field 01218nam a2200217Ia 4500
001 - CONTROL NUMBER
control field 19417
003 - CONTROL NUMBER IDENTIFIER
control field GE_BSU
008 - FIXED-LENGTH DATA ELEMENTS--GENERAL INFORMATION
fixed length control field 181216s||||||||xx |||||||||||||| ||und||
040 ## - CATALOGING SOURCE
Transcribing agency GE_BSU
080 ## - UNIVERSAL DECIMAL CLASSIFICATION NUMBER
Universal Decimal Classification number 811.353.1(058)
245 ## - TITLE STATEMENT
Title მოამბე,VIII აკად. ნ. მარის სახელობის ენის, ისტორიისა და მატერიალური კულტურის ინსტიტუტის მოამბე Известия института языка, истории и материальной культуры им. акад. Н.Я. Марра,=Bulletin De L'Institut Marr De Langues, D'Histoire et De Culture Materielle
245 ## - TITLE STATEMENT
Statement of responsibility, etc. რედ:ჯანაშია, სიმონ
260 ## - PUBLICATION, DISTRIBUTION, ETC.
Place of publication, distribution, etc. თბილისი
260 ## - PUBLICATION, DISTRIBUTION, ETC.
Name of publisher, distributor, etc. მეცნიერებათა აკადემიის საქართველოს ფილიალის გამომცემლობა
260 ## - PUBLICATION, DISTRIBUTION, ETC.
Date of publication, distribution, etc. 1940
300 ## - PHYSICAL DESCRIPTION
Extent 152გვ; ილ, 24სმ.
653 ## - INDEX TERM--UNCONTROLLED
Uncontrolled term ენათმეცნიერება,ისტორია,კულტურა
653 ## - INDEX TERM--UNCONTROLLED
Uncontrolled term მოამბე, VIII
942 ## - ADDED ENTRY ELEMENTS (KOHA)
Koha item type წიგნი
ეგზემპლარები
Withdrawn status Lost status Damaged status Not for loan Date acquired Barcode Date last seen Price effective from Koha item type
        2018-12-17 48327 2018-12-17 2018-12-17 წიგნი
        2018-12-17 48328 2018-12-17 2018-12-17 წიგნი